000 01454cam a2200337 4500
001 gs 68000155
003 DLC
005 20260227111422.0
008 690506m19669999nduab b 000 0 eng c
010 _ags 68000155 //r934
040 _aU.S. Geological Survey Library
_cDLC
_dDLC
110 2 0 _aNorth Dakota Geological Survey.
245 0 0 _aGeology and ground water resources of Cass County, North Dakota.
260 0 _aGrand Forks,
_c1966-
300 _apts.
_billus., maps.
_c23 cm.
490 1 _aBulletin
_v47
490 1 _aCounty ground water studies, 8.
500 _aPrepared by the U.S. Geological Survey in cooperation with the North Dakota State Water Commission, North Dakota Geological Survey, and Cass County Board of Commissioners.
500 _aPart of illustrative matter folded in pockets.
504 _aIncludes bibliographies.
505 1 _aPt. 1. Geology, by Robert L. Klausing.--Pt. 2. Ground water basic data, by Robert L. Klausing.
650 0 _aGeology
_zNorth Dakota
_zCass County.
650 0 _aWater-supply
_zNorth Dakota
_zCass County.
650 0 _aGroundwater
_zNorth Dakota
_zCass County.
650 0 _aBorings
_zNorth Dakota
_zCass County.
710 2 0 _aGeological Survey (U.S.)
710 2 0 _aNorth Dakota State Water Commission.
700 1 0 _aKlausing, Robert L.
810 1 _aNorth Dakota.
_bGeological Survey.
_tCounty ground water studies,
_v8
830 0 _aBulletin (North Dakota Geological Survey) ;
_v47.
999 _c30417
_d30417